MDQL
is popping MORE tags! Check the
thread
!
Quizzes
Events
Quiz Creation
Community
Videos
Private Events
Remove Ads
Sign In
Join for FREE
Feedback
Dark Mode
Quiz Categories
Sports
Geography
Music
Movies
Television
Just For Fun
Miscellaneous
History
Literature
Language
Science
Gaming
Entertainment
Religion
Holiday
For Kids
Quiz Lab
Recent
Popular Today
Quiz Kudos Today
Editor Picks
Curator Picks
Quizzes by...
Day
Popularity
Type
Ratings
Length
Year
Community
Subscriptions
Recent Discussions
Orange Saloon
Badges
Playlists
Quests
Create
Leaderboards
Showdown
Live 5
Trivia Bingo
Activity
Puzzle Library
Sporcle Events
Private Events
Virtual Trivia
Globe League
Become a Host
Pub Owners
SporcleCon
Opinionation
Our Games
Videos
Blog
Mobile Apps
Partnerships
Remove Ads and Go Orange
Feedback
Literature
Harry Potter
A Song of Ice and Fire
The Hunger Games
Literary Character
Shakespeare
Book
Author
Novel
Poem
Young Adult
Children's Books
Play
Lord of the Rings
Literature
Harry Potter
A Song of Ice and Fire
The Hunger Games
Literary Character
Shakespeare
Book
Author
Novel
Poem
Young Adult
Children's Books
Play
Lord of the Rings
Random Quiz
Search Sporcle
×
Quiz Lab
Quiz Lab
Literature
Character
Type in answers that appear in a list
Type in answers that appear in a list
Classic
Best Score? Go Orange.
Name the Characters of 'Dandelion Wine' Stats
Can you name the Name the Characters of 'Dandelion Wine'?
By
224crush
5m
15 Questions
139 Plays
139 Plays
139 Plays
Comments
Comments
Give Quiz Kudos
Give Quiz Kudos
-
- Ratings
hide this ad
Replay
Link that replays current quiz
Next Quiz
Link to next quiz in quiz playlist
You Got
0%
They Got
Avg Score
64%
Avg Friend Score
Upgrade to see
Score Distribution
Jump to the score distribution portion of the page
Score
0/15
Timer
05:00
0
Plays Today
Description
% Correct
12-
year old boy
Douglas
98.6%
Douglas' 10-
year old brother
Tom
97.8%
Douglas' best friend
John
77.7%
the murderer
the Lonely One
69.8%
the human time machine
Colonel Freeleigh
66.2%
the boys father
Father
63.3%
the town inventor
Leo
63.3%
the boys mother
Mother
61.9%
Description
% Correct
Gandmother of the Spaulding Children
Grandma Spaulding
56.8%
90-
year old woman
Helen
54%
another friend of Douglas
Charlie
54%
Mother of Grandmother
Great-Grandma Spaulding
52.5%
the only woman unafraid of 'The Lonely One'
Lavinia
50.4%
Leo's wife
Lena
49.6%
a boarder in the grandparents house
Bill
44.6%
Quiz Playlist
Details
Report
Send in Message
Add To Playlist
Classic:
Type in answers that appear in a list
Last Updated: Jun 9, 2017
Quiz Scoreboard
CHALLENGE
Sign Up to Join the Scoreboard
Show All
Scores
Hide
Comments
May contain spoilers
Recently Published
5x2 Blitz: Bands
by SL_Kpop136
Music
30s
Colored Red Africa Blitz
by spor1
Geography
30s
Find the 'City' Movie
by crazypaving
Movies
60s
More to Explore
Quiz From the Vault
Featured Blog Post
14 Easter Pick-up Lines to Find Eggs With
hide this ad
You Might Also Like...
Tags
Character
Wine
Today's Top Quizzes in Literature
Browse Literature
hide this ad
Today's Top Quizzes in Character
Browse Character
Top Contributed Quizzes in Literature
1
Sneaky Slytherin Logic Puzzle
2
Mini Trivia Sudoku: A Song of Ice and Fire
3
The Hunger Games Logic Puzzle: Find Katniss
4
One Thing in Common: Literature II
5
Harry Potter Clickable Logic Puzzle #4
6
A Harry Potter Logic Puzzle
7
Harry Potter Video Game Releases
8
Pick 3: Harry Potter Classmates
9
Click the Dead Men
10
Silmarillion Characters by Any 3 Letters
Explore More
Trending Topics
Disney
Kpop
Marvel
NBA
Crossword
Anime
Harry Potter
Song
NFL
The Office
WWE
Puzzle
Soccer
Country
Pokémon
hide this ad
More By:
224crush
Quiz
Plays
Rating
Category
Featured
Created
Name the Characters of 'Dandelion Wine'
139
1.67
Literature
Apr 19, 2010
Go to Creator's Profile
Score Distribution
Quiz Creator Spotlight
224crush
Follow
Send a Message
Quizzes Created
-
Created Quiz Play Count
-
More By This Creator
Popular Quizzes Today
1
Find the 'City' Movie
2
Colored Red Africa Blitz
3
Find the US States - No Outlines Minefield
4
5x2 Blitz: Bands
5
The Countries of the World
6
Find the US States
7
US States
8
9x9 Crossword: Cartoon Network
More Literature Quizzes
The Chronicles of Narnia Novel Words In Order
Curator's Pick
Trending Quizzes
Colored Red Europe Blitz I
Colored Red Africa Blitz II
Colored Red Europe Blitz II
Colored Red Africa Blitz III
Colored Red Europe Blitz III
Recently Updated
Famous TV Couples
Peacemaker
Champions League XIs: Real Madrid
pecheneg
Largest US Cities 1790-2010
pecheneg
Rides in Walt Disney World
pecheneg
Most Oscar Losses (Acting)
pecheneg
Beyoncé Albums
pecheneg
Leaping Animals
pecheneg
Reality TV Shows (A-Z)
bhenderson79
Rickey Henderson's Hall of Fame Teammates
pecheneg
Champions League XIs: Arsenal
pecheneg
Trending Topics
Disney
Kpop
Harry Potter
Marvel
NBA
Anime
Crossword
NFL
Puzzle
WWE
Soccer
Pokémon
Country
Song
The Office
Your Account Isn't Verified!
In order to create a playlist on Sporcle, you need to verify the email address you used during registration. Go to your
Sporcle Settings
to finish the process.
Report this User
Report this user for behavior that violates our
Community Guidelines
.
Details:
Send Report
Go to the Sporcle.com Mobile Site →
Comments